Daulatabad (Record no. 14568)

MARC details
000 -LEADER
fixed length control field 00623nam a2200229 a 4500
020 ## - INTERNATIONAL STANDARD BOOK NUMBER
ISBN
082 00 - DEWEY DECIMAL CLASSIFICATION NUMBER
Classification number 930.15484
Author Cutter MAT
100 ## - MAIN ENTRY--AUTHOR NAME
Author name Mate, M S
245 ## - TITLE STATEMENT
Title Daulatabad
Sub title a Report on the Archaeological Investigations
260 ## - PUBLICATION, DISTRIBUTION, ETC. (IMPRINT)
Place of publication Auragabad, Pune
Name of publisher Marathwada Univeristy
Year of publication 1992
300 ## - PHYSICAL DESCRIPTION
Number of Pages 106p
500 ## - GENERAL NOTE
General note includes index and biblioraphy
505 2# - FORMATTED CONTENTS NOTE
Formatted contents note References, Illustrations and Figures
650 ## - SUBJECT ADDED ENTRY--TOPICAL TERM
Topical Term Archaeology-Daulatabad
942 ## - ADDED ENTRY ELEMENTS (KOHA)
Koha item type Books
Holdings
Collection code Home library Current library Date acquired Cost, normal purchase price Full call number Accession Number Koha item type
  Henry Martyn Institute Library Henry Martyn Institute Library 06/06/2007 250.00 930.15484 MAT 020037 Books
                   Copyright © 2026 | Henry Martyn Institute | Hyderabad | TS-500052 | INDIA | Implemented by hmi.edu.in
Hit-Count:

Powered by Koha